000 00375nam a22001217a 4500
082 _a200 THE
100 _aNaveed Mazhar
_969884
245 _aTH-SOF-1318-Modeling and Control of Balloon Added Unmanned Aerial Vehicle
260 _aIslamabad
_bNUST College of EME
_c2016
650 _aMS-ELECT-75 MSTHESIS
_969885
700 _aSupervisor DR. FAHAD MUMTAZ MALIK
942 _cCF
999 _c576971
_d576971